[Event "World Team-ch Women 2017"]
[Site "Khanty-Mansyisk"]
[Date "2017.06.18"]
[Round "2"]
[White "Mamedjarova, Zeinab"]
[Black "Wafa, Shrook"]
[Result "1-0"]
[WhiteElo "2289"]
[BlackElo "2141"]
[Annotator "TA"]
[PlyCount "91"]
[EventDate "2017.??.??"]
[EventType "team-tourn"]
[EventCountry "RUS"]
[SourceTitle "playchess.com"]
[Source "ChessBase"]
[SourceQuality "1"]
[WhiteTeam "AZE"]
[BlackTeam "EGY"]
[WhiteTeamCountry "AZE"]
[BlackTeamCountry "EGY"]

{[%evp 9,91,7,5,-3,-1,-13,-4,-15,0,6,15,11,12,-12,27,42,45,34,33,22,33,36,66,65,88,77,94,81,134,132,119,102,199,193,195,176,185,181,188,166,296,287,337,337,333,334,326,332,395,394,555,549,534,535,673,677,677,677,677,675,674,669,666,659,685,685,580,533,900,885,878,866,825,750,1077,1064,1742,1682,1654,1642,1250,1209,1783,1783]} 1. d4 Nf6 2. Nf3 e6 3. Nbd2 c5 4. e3 Nc6 5. c3 d5 6. Bb5 {D05: Colle System with ...e6} (6. Bd3 Be7 7. O-O O-O 8. Ne5 Nd7 9. f4 f5 10. g4 Nf6 11. gxf5 exf5 12. Ndf3 Ne4 13. Qe2 Rf6 14. Kh1 Rh6 15. Rg1 Nxe5 16. Nxe5 {0-1 (62) Kramnik,V (2812)-Vachier Lagrave,M (2789) Paris 2016}) 6... Bd6 7. O-O O-O $146 ({Predecessor:} 7... Qc7 8. dxc5 Bxc5 9. Qc2 O-O 10. e4 Bd6 11. exd5 exd5 12. h3 Bd7 13. Bd3 Rac8 14. Qd1 Rfe8 15. Nb3 Ne5 16. Nbd4 Nxd3 {½-½ (16) Rofes Barcelo,J (2200)-Sanchez Bernandino,M (2071) Tarragona 2002}) 8. Qe2 {The position is equal.} Qb6 (8... a6 $5 {[%cal Ra6b5]} 9. Bxc6 bxc6 $15) 9. Ba4 Bd7 10. dxc5 Bxc5 11. e4 a5 12. Bc2 dxe4 13. Nxe4 Nxe4 14. Qxe4 {[%csl Gc2][%cal Re4h7] [#]} f5 15. Qe2 Rae8 16. Rd1 Bc8 17. a3 Qc7 18. Ba4 Bd7 (18... Bb6 $142) 19. b4 $16 Bb6 20. Qc4 Rf7 (20... Kh8 $16) 21. Bf4 $18 Qc8 22. Rd2 h6 23. b5 Ne7 24. Ne5 $36 {[%mdl 2048] White is really pushing.} Qxc4 (24... Nd5 $142) 25. Nxc4 Nd5 {[#]} 26. Rxd5 $1 {[%mdl 512]} exd5 27. Nxb6 Re4 28. Be3 Be6 29. Bc2 Rg4 (29... Rf8 $142 30. Bxe4 dxe4) 30. f3 {White is clearly winning.} Rg6 31. Rd1 Rc7 32. Nxd5 Bxd5 33. Rxd5 Rxc3 34. Bxf5 Rf6 35. Bd4 Rxf5 36. Rxf5 Rxa3 {[%mdl 4096] Endgame KRB-KR} 37. b6 Rd3 38. Rd5 a4 39. Kf2 a3 40. Ke2 Rb3 41. Ra5 g5 42. Kd2 Kf7 43. Kc2 Rb4 44. Kc3 Rb1 45. Rxa3 Ke6 46. Ra7 {Precision: White = 91%, Black = 39%.} 1-0

[Event "World Team-ch Women 2017"]
[Site "Khanty-Mansyisk"]
[Date "2017.06.18"]
[Round "2"]
[White "Moaataz, Ayah"]
[Black "Mammadzada, Gunay"]
[Result "0-1"]
[WhiteElo "2020"]
[BlackElo "2368"]
[Annotator "TA"]
[PlyCount "94"]
[EventDate "2017.??.??"]
[EventType "team-tourn"]
[EventCountry "RUS"]
[SourceTitle "playchess.com"]
[Source "ChessBase"]
[SourceQuality "1"]
[WhiteTeam "EGY"]
[BlackTeam "AZE"]
[WhiteTeamCountry "EGY"]
[BlackTeamCountry "AZE"]

{[%evp 22,94,-11,-12,-10,-46,-42,-35,-47,-51,-39,-50,-4,-9,-9,-104,-60,-59,-51,-77,-72,-132,-158,-150,-123,-282,-276,-269,-268,-346,-339,-347,-309,-329,-237,-333,-357,-508,-502,-473,-264,-264,-260,-271,-255,-269,-251,-244,-243,-276,-217,-240,-254,-303,-182,-463,-434,-454,-396,-430,-426,-470,-467,-662,-641,-29989,-29990,-29991,-29991,-29991,-12839,-12839,0,-12840,-12840]} 1. c4 c5 2. g3 g6 3. Bg2 Bg7 4. Nf3 Nc6 5. Nc3 d6 6. a3 e6 7. b4 Nge7 8. O-O O-O 9. Rb1 b6 {A36: Symmetrical English vs ...g6: 4 Bg2 Bg7} 10. e3 Bb7 (10... d5 11. bxc5 bxc5 12. Na4 Qd6 13. d3 Ba6 14. Qc2 Rab8 15. Rxb8 Rxb8 16. cxd5 Nxd5 17. e4 {½-½ (33) Ding,L (2773)-Svidler,P (2755) Moscow 2017}) 11. Qe2 Qd7 12. Rd1 {LiveBook: 4 Games} Rad8 13. d4 $146 ({Predecessor:} 13. bxc5 dxc5 14. Bb2 Qd3 15. Qxd3 Rxd3 16. Ne1 Rd7 17. Ne4 {½-½ (66) Rohl Montes,J (2376)-Sriram,J (2422) Port of Spain 2016}) 13... cxd4 14. exd4 Nf5 {[%cal Rc6d4]} 15. Be3 Rfe8 16. Rbc1 Nxe3 17. Qxe3 Ne7 18. g4 (18. Qd3 $11 {keeps the balance.}) 18... Rc8 19. Ne2 Rc7 20. Qf4 h6 21. Ng3 ({White should try} 21. c5) 21... Rec8 $17 22. Bf1 {[#]} b5 $1 {[%cal Bb6b5,Bb5c4][%mdl 544] Threatens to win with ...g5.} 23. g5 $2 (23. c5 $17 {was the only defense.}) (23. cxb5 Rxc1) 23... Bxf3 $19 24. Qxf3 bxc4 (24... hxg5 25. c5 $17) 25. gxh6 Bxh6 26. Rc2 Bg7 27. h4 Qc6 28. Qg4 (28. Qe2 {was called for.}) 28... Qa4 29. Rc3 (29. Qe2 {might work better.}) 29... Nd5 30. Rcc1 Qxa3 (30... Bh6 $142 31. h5 Bxc1 32. Rxc1 Qxa3) 31. h5 Nf6 ({Don't play} 31... Qxb4 32. hxg6 Qb2 {[#]} 33. Rxc4 $1 $17 {[%mdl 512]}) 32. Qg5 Nxh5 ({Don't take} 32... Qxb4 33. hxg6 d5 34. Re1 $17) 33. Nxh5 gxh5 34. d5 e5 {[%cal Be6e5,Be5e4][%mdl 32]} 35. Qxh5 e4 36. Bh3 Re8 (36... Qxb4 37. Bxc8 Rxc8 38. Qg4 $11) 37. Be6 {White hopes to continue with Rxc4!} Rce7 38. Rxc4 $2 (38. Bf5 {only move.}) 38... fxe6 ({Not} 38... e3 39. Bf5 $19) 39. Rxe4 Qc3 40. Rh4 Qe5 41. Qh7+ Kf8 42. Rh5 (42. dxe6 $142 Qxe6 43. Rf4+ Rf7 44. Rxf7+ Qxf7 45. Qh3) 42... Qe2 43. Rd3 Rf7 44. Rg5 Qxf2+ 45. Kh1 Qf1+ (45... exd5 $142 46. Rg1 Re1 47. Qh2 Rxg1+ 48. Qxg1 Qh4+ 49. Kg2 Be5 50. Rf3 Qg4+ 51. Kh1 Qh5+ 52. Rh3 Qxh3+ 53. Qh2 Qxh2#) 46. Rg1 {[#]} Qxg1+ $1 47. Kxg1 {[#]} Bd4+ $1 {[%mdl 512] Precision: White = 30%, Black = 79%.} 0-1

[Event "World Team-ch Women 2017"]
[Site "Khanty-Mansyisk"]
[Date "2017.06.18"]
[Round "2"]
[White "Ehab, Tasneem"]
[Black "Fataliyeva, Ulviyya"]
[Result "0-1"]
[WhiteElo "1750"]
[BlackElo "2341"]
[Annotator "TA"]
[PlyCount "114"]
[EventDate "2017.??.??"]
[EventType "team-tourn"]
[EventCountry "RUS"]
[SourceTitle "playchess.com"]
[Source "ChessBase"]
[SourceQuality "1"]
[WhiteTeam "EGY"]
[BlackTeam "AZE"]
[WhiteTeamCountry "EGY"]
[BlackTeamCountry "AZE"]

{[%evp 18,114,-21,-21,-21,-13,-4,-42,-26,-77,-69,-68,-68,-80,-73,-141,-143,-135,-107,-160,-158,-157,-174,-194,-160,-315,-297,-327,-308,-297,-303,-340,-350,-462,-453,-441,-360,-373,-368,-395,-389,-406,-408,-402,-410,-456,-430,-446,-458,-475,-466,-468,-432,-522,-522,-530,-530,-529,-520,-550,-543,-542,-524,-635,-631,-591,-623,-694,-693,-683,-666,-689,-691,-682,-674,-765,-754,-756,-747,-737,-709,-784,-781,-756,-755,-826,-822,-857,-852,-917,-898,-4814,-4600,-1619,-1481,-29974,-29975,-29989,-29990]} 1. d4 d5 2. Nf3 Nf6 3. Bf4 c5 4. c3 e6 5. e3 Nc6 6. Nbd2 Bd6 7. Bg3 O-O 8. Ne5 {D02: 1 d4 d5 2 Nf3 sidelines, including 2...Nf6 3 g3 and 2...Nf6 3 Bf4} (8. Bb5 Bxg3 9. hxg3 Qb6 10. a4 a6 11. Bxc6 bxc6 12. Qc2 Rb8 13. Rb1 cxd4 14. cxd4 a5 15. Ne5 h6 {1-0 (40) So,W (2812)-Karjakin,S (2781) Stavanger 2017}) 8... Qc7 9. f4 Ne7 10. Bd3 {LiveBook: 5 Games. The position is equal.} c4 11. Bc2 b5 12. Bh4 Ne8 $1 13. Qh5 $146 (13. Bxe7 $11 {keeps the balance.} Bxe7 14. O-O (14. Qh5 Nf6 $11)) 13... g6 $17 14. Qe2 f6 15. Ng4 Nf5 16. Bxf5 (16. Bf2 $142) 16... exf5 17. Nf2 b4 18. Qf3 (18. cxb4 $142 Bxb4 19. O-O) 18... Bb7 19. Nd1 a5 20. Bf2 a4 21. cxb4 $2 {[#]} (21. O-O $17) 21... a3 $19 (21... Bxb4 22. a3 $19) 22. O-O axb2 23. Nxb2 c3 24. Rac1 Rxa2 25. Nd1 c2 ({Don't do} 25... Rxd2 26. Be1 $19) 26. Nb3 cxd1=Q 27. Rfxd1 Qf7 28. Nc5 Ba6 29. Nxa6 Rxa6 30. Qe2 Rb6 31. b5 Qb7 32. Rb1 Nc7 33. Rb3 Rxb5 34. Rxb5 Qxb5 35. Qxb5 Nxb5 36. Rb1 Nc3 37. Rb6 Ne4 38. Be1 Rc8 39. Kf1 Rc1 40. Ke2 Rc2+ 41. Kf1 Ba3 42. Rb3 Bc1 43. h3 Bd2 {[#] Threatens to win with ...Rc1.} 44. Rb8+ Kg7 {And now ...Rc1 would win.} 45. Bxd2 Nxd2+ {[%mdl 4096] Endgame KRN-KR} 46. Kg1 Nc4 47. Rb7+ Kf8 48. Rb3 Re2 49. Rb8+ Ke7 50. Rb7+ Kd6 51. Kf1 Rxe3 52. Rxh7 Re4 53. g3 Rxd4 54. Rh6 Rd1+ 55. Kf2 Rd2+ 56. Ke1 d4 {[%cal Bd5d4,Bd4d3][%mdl 32]} 57. Rxg6 d3 {Precision: White = 37%, Black = 79%.} 0-1